MARC

Tag First Indicator Second Indicator Subfields
LEADER 00000cas a22000007a 4500
001 in00005778721
005 20260414201531.7
008 921015c19749999nyufr p 0 a0eng c
010 |a sn 92005905  
040 |a NSD  |b eng  |c NSD  |d OCLCQ  |d YUS  |d OCLCQ  |d OCLCF  |d OCLCO  |d OCLCA  |d PAU  |d OCLCQ  |d OCLCO  |d OCLCQ  |d AU@  |d OCLCQ  |d OCLCL  |d OCLCQ 
012 |l 1 
019 |a 994400057 
022 0 |a 1065-9196  |2 1 
023 0 |a 1065-9196  |2 1 
035 |a (OCoLC)26792000  |z (OCoLC)994400057 
037 |b The Minetta Review, 21 Washington Pl., Box 186, New York, NY 10003 
042 |a nsdp  |a pcc 
043 |a n-us-ny 
050 4 |a PS508.C6  |b M56 
210 0 |a Minetta rev. 
222 4 |a The Minetta review 
245 0 4 |a The Minetta review. 
264 1 |a New York, NY :  |b New York University 
300 |a volumes :  |b illustrations ;  |c 21 cm 
310 |a Semiannual 
336 |a text  |b txt  |2 rdacontent 
337 |a unmediated  |b n  |2 rdamedia 
338 |a volume  |b nc  |2 rdacarrier 
362 1 |a Began in 1974? 
588 |a Description based on: Fall 1991. 
588 |a Latest issue consulted: Fall 2015. 
610 2 0 |a New York University  |x Students  |v Periodicals. 
650 0 |a College students' writings, American  |z New York (State)  |z New York  |v Periodicals. 
650 0 |a Youths' writings, American  |z New York (State)  |z New York  |v Periodicals. 
650 0 |a American literature  |z New York  |v Periodicals. 
610 2 7 |a New York University.  |2 fast  |0 (OCoLC)fst00533139 
650 7 |a Students.  |2 fast  |0 (OCoLC)fst01136041 
650 7 |a Youths' writings, American.  |2 fast  |0 (OCoLC)fst01183698 
651 7 |a New York (State)  |z New York.  |2 fast  |0 (OCoLC)fst01204333  |1 https://id.oclc.org/worldcat/entity/E39QbtfRvQh7864Jh4rDGBFDWc 
655 7 |a Periodicals.  |2 fast  |0 (OCoLC)fst01411641 
710 2 |a New York University.  |1 https://id.oclc.org/worldcat/entity/E39QH7JmtgV38vThdf8Kjt96Wt 
029 1 |a AU@  |b 000025875493 
029 1 |a NZ1  |b 16065878 
994 |a Z0  |b TXA 
948 |h HELD BY TXA - 13 OTHER HOLDINGS 
999 f f |i 9e3813f8-a526-4963-bc5f-56aa1adef5e7  |s accbc6fd-c549-43e8-b449-0f99356c1bac  |t 0 
998 f f |a PS508.C6 M56  |s 2015:Fall  |t 0  |l Cushing: Science Fiction (Does not check out)